| 000 | 00352nam a2200157Ia 4500 | ||
|---|---|---|---|
| 008 | 160316s1995 xxu||||| |||| 00| 0 eng d | ||
| 082 |
_a423.000000 _b |
||
| 100 | _a | ||
| 245 | _aThe Chambers of dictionary | ||
| 250 | _a | ||
| 260 |
_aNew Delhi _bAllied Chambers Ltd. _c1995 |
||
| 300 |
_a2062 _b _c |
||
| 365 | _b400/- | ||
| 650 | _a | ||
| 700 |
_a _a |
||
| 999 |
_c8855 _d8855 |
||